000 00815nam a22002297a 4500
003 OSt
005 20260310025009.0
008 260310b |||||||| |||| 00| 0 eng d
020 _a9789715103305
040 _aDWCL Main lib
_cOC
082 _aSC. 266 B212w 2025
100 _aBanzuela, Raffi
245 _aThe word & the builder:
_bthe legacy of Father Joseph L. Bates, SVD
_cRaffi Banzuela
260 _aLegazpi City, Philippines :
_bLogos Publications, Inc. ,
_cc2025.
300 _a109 pages :
_billustrations ;
_c23cm.
500 _aIncludes index.
650 _a1. Bates, Joseph L., SVD -- Biography.
650 _a2. Divine Word College of Legazpi -- History.
650 _a3. Missionaries -- Philippines -- Bicol Region -- History.
700 _aAurora-Vibar Banzuela
942 _2ddc
_cSC
_kSC.
_n0
999 _c8822
_d8822